000 01289nam a2200289 4500
001 0000023811
003 CO-CtgCURN
005 20250331184436.0
007 ta
008 160627s2011 000 0 eng d
020 _a9789587106565
040 _aCO-CtgCURN
_bspa
_ccoctgcurn
082 0 _a345
_bL457d
245 0 0 _aLecciones de derecho penal :
_bparte general /
_cJosé Joaquin Urbano Martínez ... [et al.].
250 _a2a ed.
260 _aBogotá :
_bUniversidad Externado de Colombia. Departamento de Derecho Penal y Criminología,
_c2011.
300 _a500 p.
336 _2rdacontent
337 _2rdamedia
_asin mediacion
_bn
338 _2rdacarrier
_avolumen
_bnc
505 8 _aConcepto y funcion del derecho penal -- Teoria de los fines de la pena -- Concepcion del Estado y su influencia en la teoria del delito -- Relaciones del derecho penal con la criminología -- Relaciones del derecho penal con otras disciplinas -- Fuentes del derecho penal -- Interpretacion de la ley penal -- ambitos de validez de la ley penal
650 1 4 _aDerecho penal
_vEnsayos, conferencias, etc.
700 1 _aUrbano Martínez, José Joaquín.
908 _a160627
942 _cBK
_h345
_iL457d
_2ddc
999 _c19746
_d19746